Harmonic analysis on commutative spaces

Αποθηκεύτηκε σε:
Λεπτομέρειες βιβλιογραφικής εγγραφής
Κύριος συγγραφέας: Wolf, Joseph Albert 1936-
Μορφή: Βιβλίο
Γλώσσα:English
Δημοσίευση: Providence, R.I. : American Mathematical Society, c2007
Σειρά:Mathematical surveys and monographs ; ; 142
Θέματα:
Ετικέτες: Προσθήκη ετικέτας
Δεν υπάρχουν, Καταχωρήστε ετικέτα πρώτοι!

MARC

LEADER 00000nam a2200000 i 4500
001 1/100615
008 090203s2007 eng d
020 |a 978-0-8218-4289-8 
035 |l 10102923 
040 |a GR-MY-UA  |b gre  |e aacr 
041 0 |a eng 
082 0 |a 515.2433  |2 (22) 
100 1 |a Wolf, Joseph Albert  |d 1936- 
245 1 0 |a Harmonic analysis on commutative spaces /  |c Joseph A. Wolf 
260 |a Providence, R.I. :   |b American Mathematical Society,   |c c2007 
300 |a xv, 387 σ.;  |b εικ.;  |c 27 εκ. 
490 1 |a Mathematical surveys and monographs  |v ; 142 
504 |a Περιέχει βιβλιογραφικές παραπομπές (σ. 367-372) και ευρετήριο 
650 0 0 |a Harmonic analysis. 
650 0 0 |a Topological groups. 
650 0 0 |a Abelian groups. 
650 0 0 |a Algebraic spaces. 
650 0 0 |a Geometry, Differential. 
830 0 |a Mathematical surveys and monographs ;  |v ; 142 
852 |a INST  |b SAMOS  |e 20090203  |h 515.2433 WOL  |p 005300029453  |q 005300029453  |t BK  |y 0 
901 |a BIBL3-2009-1 
909 |a Σ  |b 155516 
922 |a 3ΕΛΗ  |b 200808  |c ΕΠΕΑΕΚ2/ΤΜΗΜΑ ΜΑΘΗΜΑΤΙΚΩΝ-ΠΡΟΠΤΥΧΙΑΚΟ  |d ΜΙΧΑΛΟΠΟΥΛΟΣ 
970 |a ΡΟΥΣΣΟΥ  |b ΚΩΝΣΤΑΝΤΙΝΑ  |z 2009/02/03